000 00426cam a2200169ua 4500
041 _aeng
_h
082 _a621.183
_bBAT/BO
100 _aBatley, R L .
245 _aBoiler plant technology /
_cR L Batley.
_hTextual Documents
250 _a3 /
_b.
260 _aLondon :
_bSir Isaac Pitman & Sons Ltd ,
_c1957.
300 _a316 ; .
504 _a
700 1 _aBarber, Gordon E .
942 _cBK
999 _c1888
_d1888